| 000 | 01085nam a22002417a 4500 | ||
|---|---|---|---|
| 005 | 20100901140955.0 | ||
| 006 | a|||||r|||||00| 0 | ||
| 007 | sd ammalaaahaa | ||
| 008 | 100901t xxu||||| |||| 00| 0 eng d | ||
| 028 |
_aGE.5154 _bColumbia |
||
| 035 | _aGR-95 | ||
| 040 |
_aSED _cSED |
||
| 100 |
_aRadha Rani _917880 |
||
| 245 |
_aTere pujan ko bhagwan bana man mandar aali shaan / _cby Radha Rani _h[Sound recording] : |
||
| 246 | _aतेरे पूजन को भगवान् बना मन मंदर आली शान / द्वारा राधा रानी | ||
| 260 |
_aDum Dum, India _bColumbia |
||
| 300 |
_a1 sound disc [Gramophone Record] : _banalog, 33 1/3 rpm _c9.5 in. (MP) _fGramophone Record |
||
| 500 | _aBrief record | ||
| 505 | _aSide-2 जय जगदीश हरे स्वामी जय जगदीश हरे (Jai Jagdeesh hare swami jai Jagdish hare) (Radha Rani) | ||
| 650 |
_aClassical music _xExcerpts _zIndia _917854 |
||
| 942 |
_2ddc _cGR |
||
| 999 |
_c43364 _d43364 |
||